The socialist sixth of the world, (Record no. 119477)
[ view plain ]
| 000 -LEADER | |
|---|---|
| fixed length control field | 00759cam a2200241u 4500 |
| 001 - CONTROL NUMBER | |
| control field | 10018624 |
| 003 - CONTROL NUMBER IDENTIFIER | |
| control field | ARRUPE |
| 005 - DATE AND TIME OF LATEST TRANSACTION | |
| control field | 20131220170943.0 |
| 008 - FIXED-LENGTH DATA ELEMENTS--GENERAL INFORMATION | |
| fixed length control field | 830419s1939 enkab 000 0 eng |
| 010 ## - LIBRARY OF CONGRESS CONTROL NUMBER | |
| LC control number | unk83006743 |
| 040 ## - CATALOGING SOURCE | |
| Original cataloging agency | DLC |
| Transcribing agency | CarP |
| Modifying agency | DLC |
| 043 ## - GEOGRAPHIC AREA CODE | |
| Geographic area code | e-ur--- |
| 050 00 - LIBRARY OF CONGRESS CALL NUMBER | |
| Classification number | DK266 |
| Item number | .J6 1939a |
| 300 ## - PHYSICAL DESCRIPTION | |
| Other physical details | illus. (incl. maps) |
| Dimensions | 19 cm. |
| 100 1# - MAIN ENTRY--PERSONAL NAME | |
| Personal name | Johnson, Hewlett, |
| Dates associated with a name | 1874-1966. |
| 9 (RLIN) | 6441 |
| 245 14 - TITLE STATEMENT | |
| Title | The socialist sixth of the world, |
| 260 ## - PUBLICATION, DISTRIBUTION, ETC. (IMPRINT) | |
| Place of publication, distribution, etc | London, |
| Name of publisher, distributor, etc | V. Gollancz, ltd., |
| Date of publication, distribution, etc | 1939. |
| 300 ## - PHYSICAL DESCRIPTION | |
| Extent | 384 p. |
| 650 #0 - SUBJECT ADDED ENTRY--TOPICAL TERM | |
| Topical term or geographic name as entry element | Communism |
| Geographic subdivision | Soviet Union. |
| 9 (RLIN) | 6442 |
| 651 #0 - SUBJECT ADDED ENTRY--GEOGRAPHIC NAME | |
| Geographic name | Soviet Union |
| General subdivision | Social conditions. |
| 9 (RLIN) | 6443 |
| 651 #0 - SUBJECT ADDED ENTRY--GEOGRAPHIC NAME | |
| Geographic name | Soviet Union |
| General subdivision | Economic conditions |
| Chronological subdivision | 1917-1945. |
| 9 (RLIN) | 6444 |
| 906 ## - LOCAL DATA ELEMENT F, LDF (RLIN) | |
| a | 0 |
| b | cbc |
| c | premunv |
| d | u |
| e | ncip |
| f | 19 |
| g | y-gencatlg |
| 942 ## - ADDED ENTRY ELEMENTS (KOHA) | |
| Source of classification or shelving scheme | Library of Congress Classification |
| Koha item type | Monograph ( Printed materials) |
| Withdrawn status | Lost status | Source of classification or shelving scheme | Damaged status | Not for loan | Home library | Current library | Date acquired | Total Checkouts | Full call number | Barcode | Date last seen | Price effective from | Koha item type |
|---|---|---|---|---|---|---|---|---|---|---|---|---|---|
| Library of Congress Classification | ARRUPE LIBRARY | ARRUPE LIBRARY | 20/12/2013 | DK266 .J6 1944 | 464122861 | 04/12/2017 | 20/12/2013 | Monograph ( Printed materials) |